| 000 | 00560cam a2200217ua 4500 | ||
|---|---|---|---|
| 001 | 7076 | ||
| 008 | 141122n ii |||gr||||Z||||||eng | ||
| 020 | _a9788177083361 | ||
| 040 | _cMAIN | ||
| 041 | _aeng | ||
| 082 | _a330 | ||
| 100 |
_aSatyanarayana, G., _eAuthor. |
||
| 245 | 1 |
_aIndian economy towards inclusive growth _cBy G. Satyanarayana |
|
| 250 | _a1st. | ||
| 260 |
_aNew Delhi: _bNew century, _c2013. |
||
| 300 | _axvii,187p. | ||
| 653 | _aIndian economics | ||
| 700 |
_aRaju, G., _eAuthor. |
||
| 700 |
_aMadhusudana, H.S., _eAuthor. |
||
| 942 | _cBK | ||
| 999 |
_c6205 _d6205 |
||